Zvýšenie konkurenčnej výhody podniku implementovaním zelených prvkov do výrobného procesu bakalárska práca
Guardado en:
| Autor principal: | |
|---|---|
| Autor Corporativo: | |
| Otros Autores: | |
| Formato: | Libro |
| Lenguaje: | eslovaco |
| Publicado: |
Bratislava
2023
|
| Etiquetas: |
Sin Etiquetas, Sea el primero en etiquetar este registro!
|
MARC
| LEADER | 00000nbm a2200000 4500 | ||
|---|---|---|---|
| 001 | 0293559 | ||
| 005 | 20240529093440.6 | ||
| 041 | 0 | |a slo | |
| 044 | |a SK | ||
| 245 | 1 | 0 | |a Zvýšenie konkurenčnej výhody podniku implementovaním zelených prvkov do výrobného procesu |b bakalárska práca |c Lucia Dubcová ; školiteľ: Alexandra Biela |
| 264 | 1 | |a Bratislava |c 2023 | |
| 300 | |a 58 s. | ||
| 100 | 1 | |a Dubcová, Lucia | |
| 700 | 1 | |a Biela, Alexandra | |
| 710 | 2 | |a Fakulta podnikového manažmentu EU. Katedra manažmentu výroby a logistiky - zrušená | |